000 00388nam a2200145Ia 4500
008 230917s9999||||xx |||||||||||||| ||und||
040 _e28697
_aMAIN
041 _aEnglish
082 _a338.91734 S77F
100 _aSurat Singh
245 0 _aFacets of development in rural society
260 _aNilokheri
_bHaryana Institute of Rural development
_c1997
300 _a224 p.
942 _cBK
999 _c98876
_d98876